Statistics for Parrots quiz

Click here to take the quiz!

General Stats

  • This quiz has been taken 127 times
  • The average score is 7 of 15

Answer Stats

HintAnswer% Correct
a common pet parrot, in the parakeet familybudgerigar, or budgie
93%
another common pet, notable for its feathered crestcockatoo/cockatiel
89%
the largest (flying) parrot, a deep blue in colorhyacinth macaw
66%
a relative of the above, famous for its red, blue, and yellow feathersscarlet macaw
59%
the only flightless parrot in the world, which is sadly endangered and bears a superficial resemblance to an owlkakapo
46%
parrot species, whose adults are notable for their lifelong marital bondslovebird
42%
parrots unique for their brush-tipped tongues, which allow them to consume nectarlory, or lorikeet
37%
an alpine parrot in New Zealand, who was persecuted in the early 1900s for its alleged attacks on sheep and other livestockkea
36%
a parrot owned by Irene Pepperberg, part of a thirty year experiment on parrot intelligenceAlex
32%
parrots, along with finches and a few other popular pet birds, are lumped into what meme grouping?birbs
32%
one of the smallest parrots, known for its "big bird small body'' personalityparrotlet
32%
and what species was Alex?african gray parrot
31%
a large cockatoo, with distinctive black plumage; very sought after in the pet tradepalm cockatoo
29%
The only parrot native to the USA, now extinctcarolina parakeet
28%
parrots belong in the order.....psittaciformes
15%

Score Distribution

Percentile by Number Answered

Percent of People with Each Score

Your Score History

You have not taken this quiz